[Event "IECC CL8-2001.02"]
[Site "IECC email"]
[Date "2001.02.27"]
[Round "?"]
[White "Duncan, Warren L"]
[Black "Larham, Ron"]
[Result "0-1"]
[WhiteElo "1021"]
[BlackElo "994"]
[PlyCount "44"]
[EventDate "2001.??.??"]
[EventType "tourn (corr)"]
[EventRounds "4"]
[SourceTitle "Corr 2008"]
[Source "ChessBase"]
[SourceDate "2008.06.24"]
[SourceVersion "1"]
[SourceVersionDate "2008.06.24"]
[SourceQuality "1"]

1. d4 d5 2. c4 c6 3. e3 e6 4. Bd2 Nf6 5. Nc3 g6 6. Nf3 Bd6 7. c5 Bc7 8. Bd3 b6 9. 0-0 Ba6 10. Qc2 Qe7 11. Rad1 bxc5 12. Bxa6 Nxa6 13. Ne5 cxd4 14. exd4 Qd6 15. Bh6 0-0-0 16. Bg7 Nd7 17. Bxh8 Rxh8 18. Qa4 Ndb8 19. g3 Rf8 20. Nxc6 Qxc6 21. Qxc6 Nxc6 22. Rc1 Nxd4 0-1